Statistics for Animals that Start with H

Click here to take the quiz!

General Stats

  • This quiz has been taken 54,381 times
  • The average score is 15 of 20

Answer Stats

Clue Animal % Correct
Female chickenHen
96%
Homo sapiensHuman
95%
EquidHorse
93%
"Laughing" African animalHyena
92%
Rodent popular as a petHamster
89%
Shark with a uniquely shaped headHammerhead Shark
89%
Dog breed used for sled racingHusky
88%
Larger relative of rabbitsHare
86%
Large waspHornet
85%
Another name for pigHog
84%
Crab that lives inside snail shellsHermit Crab
80%
Huge and fierce mammal found
in African rivers
Hippopotamus
80%
Common bird of preyHawk
79%
Hovering nectar-eating avianHummingbird
76%
Small oily fish that is sometimes pickledHerring
67%
Many-headed water beast
of Greek mythology
Hydra
67%
Spiny mammal sometimes kept as a petHedgehog
64%
Large baleen whaleHumpback Whale
62%
Traditional "fish and chips" fish,
(along with cod)
Haddock
48%
Adult male red deerHart
19%

Score Distribution

Percentile by Number Answered

Percent of People with Each Score

Your Score History

You have not taken this quiz